| 000 | 01023nam0a22002531 4500 | ||
|---|---|---|---|
| 001 | rc\294756 | ||
| 005 | 20250621023126.0 | ||
| 035 | _a(NLR Aleph) 005525550 | ||
| 090 |
_a5554132 _c5554132 |
||
| 100 | _a20030307d1999 |||y0rusy50 ca | ||
| 101 | 0 | _arus | |
| 102 | _aRU | ||
| 105 | _aa ||||||||| | ||
| 200 | 1 |
_aСопоставительное описание лексических полей _e(На материале разносистем. яз.) _eУчеб. пособие по спецкурсу _fГоском. РСФСР по делам науки и высш. шк., Башк. гос. ун-т им. 40-летия Октября |
|
| 210 |
_aУфа _cБашГУ _d1999 (вып. дан. 1991) |
||
| 215 |
_a67 с. _cсхем _d20 |
||
| 320 | _aБиблиогр. в конце глав | ||
| 320 | _aБиблиогр.: с. 66 | ||
| 700 | 1 |
_aГайсина _bР.М. _gРейда Миргалеевна |
|
| 801 | 0 |
_aRU _bNLR _gpsbo |
|
| 801 | 1 |
_aRU _bELAR _2rusmarc |
|
| 852 |
_aNLR _j92-4/5249 |
||
| 942 | _cBOOK | ||
| 980 | _aNB | ||